| 000 | 00656nam a2200193Ia 4500 | ||
|---|---|---|---|
| 003 | GCL | ||
| 008 | 140319s9999 xx 000 0 ara d | ||
| 040 |
_aGCL / _cGCL |
||
| 082 | 0 | 4 |
_a327.01011 _bا س |
| 100 | 1 | _aالاهرام | |
| 245 | 1 | 0 |
_aالسياسة الدولية ( العدد 130 ) / _cالاهرام |
| 300 | _a270 ص | ||
| 490 |
_aالهيئة العامة للاستعلامات _v0 |
||
| 650 | 0 | 4 | _aالنزاع العربى الاسرائيلى |
| 650 | 0 | 4 | _aالسياسة الدولية |
| 650 | 0 | 4 | _aفلسطين - العلاقات الخارجية |
| 650 | 0 | 4 | _aاسرائيل - العلاقات الخارجية |
| 942 |
_2ddc _cBK |
||
| 999 |
_c51601 _d51601 |
||